| 000 | 00513 a2200181 4500 | ||
|---|---|---|---|
| 003 | OSt | ||
| 005 | 20231207110950.0 | ||
| 008 | 231207b |||||||| |||| 00| 0 eng d | ||
| 020 | _a9788193165300 | ||
| 040 | _coclc | ||
| 082 |
_a894.8128 _bKAT/K |
||
| 100 |
_aKattikadu, Bobby Jose _910081 |
||
| 245 |
_aKoott / _cBobby Jose Kattikadu |
||
| 250 | _a1st ed. | ||
| 260 |
_aKottayam: _bIndulekha Pusthakam, _c2015. |
||
| 300 | _a208p. | ||
| 942 |
_2ddc _cBK _h894.8128 _iKAT/K _k894.8128 _mKAT/K |
||
| 999 |
_c44026 _d44026 |
||